Statistics for Cities with 100,000 or more inhabitants by letter B

Click here to take the quiz!

General Stats

  • This quiz has been taken 39 times
  • The average score is 74 of 358

Answer Stats

CountryPopulationAnswer% Correct
SIerra Leone175,000Bo
100%
Brazil4,291,577Brasília
97%
Belgium1,191,604Brussels
97%
Romania1,883,425Bucharest
97%
Hungary1,779,361Budapest
97%
Argentina2.891.082Buenos Aires
97%
Thailand8,305,218Bangkok
94%
Spain1,620,809Barcelona
94%
Venezuela620,555Barcelona
94%
Switzerland133,791Bern
94%
UK1,137,100Birmingham
94%
USA749,495Birmingham
94%
Colombia8,080,734Bogota
94%
Iraq8,765,000Baghdad
90%
China21,542,000Beijing
90%
Serbia1,166,763Belgrade
90%
Germany3,748,148Berlin
90%
USA617,594Boston
90%
Australia2,408,223Brisbane
90%
Azerbaijan2,262,600Baku
87%
India10,456,000Bangalore
87%
Lebanon361,366Beirut
87%
UK1,006,600Bristol
84%
USA2,203,663Baltimore
81%
Republic of the Congo1,373,382Brazzaville
81%
Moldova102,457Bălți
77%
Mali2,009,109Bamako
77%
Brazil2,502,557Belo Horizonte
77%
Norway420,000Bergen
77%
Italy389,261Bologna
77%
Germany325,490Bonn
77%
Slovakia432,508Bratislava
77%
Central African Republic734,350Bangui
74%
Iraq2,150,000Basra
74%
UK671,559Belfast
74%
Kyrgyzstan1,012,500Bishkek
74%
Czech Republic810,000Brno
74%
South Korea3,490,727Busan
74%
Gambia413,397Banjul
71%
Switzerland177,595Basel
71%
France116,466Bordeaux
71%
Germany568,006Bremen
71%
Italy323,370Bari
68%
Guinea-Bissau492,004Bissau
68%
South Africa747,431Bloemfontein
68%
Burundi800,000Bujumbura
68%
Indonesia2,575,478Bandung
65%
Colombia1,148,506Barranquilla
65%
Colombia533,973Bello
65%
Spain345,141Bilbao
65%
Belarus347,576Brest
65%
France139,342Brest
65%
India154,428Banda
61%
Turkey1,854,285Bursa
61%
Brunei279,924Bandar Seri Begawan
58%
Brazil1,439,561Belém
58%
Libya631,555Benghazi
58%
USA935,906Buffalo
58%
India1,798,218Bhopal
55%
UK139,720Blackpool
55%
USA709,845Boise
52%
UK288,200Brighton
52%
Belgium118,284Bruges
52%
USA839,631Bakersfield
45%
Italy120,923Bergamo
45%
USA170,498Billings
45%
USA830,480Baton Rouge
42%
Germany365,529Bochum
42%
UK183,491Bournemouth
42%
Germany591,862Bielefeld
39%
UK117,963Blackburn
39%
UK128,139Bolton
39%
UK529,879Bradford
39%
Bosnia and Herzegovina180,053Banja Luka
35%
Netherlands324,812Breda
35%
Italy196,745Brescia
35%
Venezuela930,000Barquisimeto
32%
India1,064,222Bhilai
32%
Germany1,150,000Braunschweig
32%
Germany113,026Bremerhaven
29%
USA939,904Bridgeport
29%
Bulgaria277,922Burgas
29%
Poland470,285Bydgoszcz
29%
Spain152,270Badajoz
26%
India117,992Baran
26%
Russia612,401Barnaul
26%
India114,651Basti
26%
Mozambique533,825Beira
26%
France119,645Boulogne-Billancourt
26%
Portugal192,494Braga
26%
Russia415,721Bryansk
26%
China1,194,891Baoding
23%
China2,070,801Baotou
23%
India644,406Bikaner
23%
Italy107,317Bolzano
23%
USA313,333Boulder
23%
Romania382,896Brașov
23%
Colombia521,857Bucaramanga
23%
Zimbabwe502,170Bulawayo
23%
Spain175,623Burgos
23%
Canada183,314Burlington
23%
Indonesia1,236,399Batam
19%
Indonesia190,184Batu
19%
Georgia163,400Batumi
19%
Israel207,551Beersheba
19%
Russia356,402Belgorod
19%
France251,293Besançon
19%
Brazil266,901Boa Vista
19%
Burkina Faso537,728Bobo-Dioulasso
19%
USA420,392Brownsville
19%
Spain217,210Badalona
16%
Argentina301,572Bahía Blanca
16%
Indonesia513,698Banda Aceh
16%
Iran526,648Bandar Abbas
16%
India1,295,447Bareilly
16%
Canada212,667Barrie
16%
Turkey348,963Batman
16%
USA404,872Beaumont
16%
Indonesia2,931,897Bekasi
16%
China1,011,377Benxi
16%
Somalia232,500Berbera
16%
India881,988Bhubaneswar
16%
Poland430,000Białystok
16%
Ukraine211,100Bila Tserkva
16%
Malawi994,500Blantyre
16%
Algeria182,447Blida
16%
Romania180,302Brăila
16%
Canada593,638Brampton
16%
Russia246,319Bratsk
16%
Romania196,883Bacău
13%
Dominican Republic145,595Baní
13%
Indonesia722,357Banjarmasin
13%
China1,437,802Baoji
13%
Algeria290,645Batna
13%
Cuba222,118Bayamo
13%
Puerto Rico239,116Bayamón
13%
USA122,363Bellevue
13%
Angola128,084Benguela
13%
Germany111,627Bergisch Gladbach
13%
India655,823Berhampur
13%
USA112,580Berkeley
13%
Poland171,505Bielsko-Biała
13%
Germany117,364Bottrop
13%
Uzbekistan272,000Bukhara
13%
USA103,340Burbank
13%
Pakistan762,111Bahawalpur
10%
Romania230,932Baia Mare
10%
India3,239,774Ballia
10%
Indonesia1,166,761Bandar Lampung
10%
Venezuela353,442Barinas
10%
Cambodia196,709Battambang
10%
Brazil366,992Bauru
10%
Algeria177,988Béjaïa
10%
China972,784Bengbu
10%
Indonesia1,934,300Bengkulu
10%
South Africa158,777Benoni
10%
Russia210,115Biysk
10%
Tunisia401,144Bizerte
10%
Indonesia1,096,828Bogor
10%
China106,400Bole
10%
D.R. Congo162,521Boma
10%
Somalia433,471Bosaso
10%
Ivory Coast680,694Bouaké
10%
Colombia362,625Buenaventura
10%
Saudi Arabia614,093Buraidah
10%
Canada232,755Burnaby
10%
Romania115,494Buzău
10%
Philippines791,019Bacolod
6%
Brazil120,943Bagé
6%
Philippines170,981Bago
6%
Myanmar491,434Bago
6%
Ethiopia221,991Bahir Dar
6%
China2,033,058Baicheng
6%
Somalia129,839Baidoa
6%
China1,296,575Baishan
6%
Russia199,690Balakovo
6%
Turkey267,903Balıkesir
6%
Indonesia736,806Balikpapan
6%
Egypt233,142Bani Suwayf
6%
India100,128Banswara
6%
China2,506,491Baoshan
6%
Spain100,228Barakaldo
6%
Argentina108,205Bariloche
6%
Bangladesh385,093Barisal
6%
Colombia191,704Barrancabermeja
6%
Belarus180,100Barysaw
6%
Philippines329,874Batangas City
6%
Russia111,843Bataysk
6%
Israel128,655Bat Yam
6%
Algeria165,627Béchar
6%
India146,709Beed
6%
China405,600Beihai
6%
India610,350Belgaum
6%
India770,929Bellary
6%
Ukraine116,034Berdyansk
6%
Russia156,466Berezniki
6%
India305,609Berhampore
6%
India709,665Bhiwandi
6%
India327,427Bijapur
6%
India331,030Bilaspur
6%
Russia214,390Blagoveshchensk
6%
Brazil309,214Blumenau
6%
Israel193,774Bnei Brak
6%
Romania106,847Botoșani
6%
China560,000Botou
6%
Brazil120,124Bragança
6%
Brazil119 719Brusque
6%
South Korea848,123Bucheon
6%
Iran298,581Bushehr
6%
Philippines337,063Butuan
6%
Poland183,251Bytom
6%
Belarus215,092Babruysk
3%
Brazil104,633Bacabal
3%
Philippines600,609Bacoor
3%
India174 226Badlapur
3%
Cameroon1,146,000Bafoussam
3%
India113,012Bagaha
3%
Afganistan119,607Baghlan
3%
Philippines551,764Baguio
3%
China3,826,300Baise
3%
China1,708,751Baiyin
3%
Russia215,494Balashikha
3%
Australia101,588Ballarat
3%
Brazil390,990Balneário Camboriú
3%
Cameroon2,000,000Bamenda
3%
Iran144,664Bandar-e Anzali
3%
Turkey122,010Bandırma
3%
India110,668Bangaon
3%
India137,386Bankura
3%
India245,313Baranagar
3%
Belarus170,286Baranavichy
3%
India278,235Barasat
3%
Brazil121,190Barcarena
3%
India522,445Bardhaman
3%
Oman130,000Barka
3%
India116,449Barnala
3%
Brazil176,889Barra Mansa
3%
India118 722Barshi
3%
Brazil262,275Barueri
3%
Venezuela362,371Baruta
3%
India211,594Batala
3%
Philippines118,205Bayambang
3%
Philippines117,900Bayawan
3%
Philippines109,432Baybay
3%
Mauritius104,610Beau-Bassin Rose-Hill
3%
Iran122,604Behbahan
3%
Israel114,371Beit Shemesh
3%
Brazil495,694Belford Roxo
3%
Morocco447,330Beni Mellal
3%
Mexico661,176Benito Juárez
3%
Brazil115,069Bento Gonçalves
3%
Japan122,643Beppu
3%
Morocco109,237Berkane
3%
Brazil408,448Betim
3%
India100,330Betul
3%
India410,210Bhagalpur
3%
India254,846Bharatpur
3%
Nepal280,502Bharatpur
3%
India224,210Bharuch
3%
India386,019Bhatpara
3%
India1,643,365Bhavnagar
3%
India370,000Bhilwara
3%
India146,961Bhimavaram
3%
India197,585Bhind
3%
India104,883Bhiwadi
3%
India196,057Bhiwani
3%
India2,13,514Bhuj
3%
India187,421Bhusawal
3%
India216,020Bidar
3%
Philippines333,028Biñan
3%
Malaysia212,994Bintulu
3%
Nepal242,548Biratnagar
3%
Iran248,623Birjand
3%
Algeria307,987Biskra
3%
Indonesia208,995Bitung
3%
Dominican Republic123,510Boca Chica
3%
Turkey131,264Bolu
3%
Philippines100,527Bongao
3%
Iran234,997Borujerd
3%
India130,302Botad
3%
Brazil139,483Botucatu
3%
China1,409,436Bozhou
3%
Iran193,501Bukan
3%
D.R. Congo870,954Bukavu
3%
India103,286Bundi
3%
Vietnam502,170Buôn Ma Thuột
3%
India146,190Burari
3%
Iran250,217Babol
0%
India112,090Bagalkot
0%
India170,767Bahadurgarh
0%
Pakistan161,033Bahawalnagar
0%
India186,223Bahraich
0%
India121,081Baidyabati
0%
Dominican Republic158,985Bajos de Haina
0%
India144,373Balasore
0%
Philippines149,954Baliuag
0%
India113,377Bally, Bally-Jagachha
0%
India291 972Bally, Howrah
0%
India210,000Balurghat
0%
Iran162,797Bandar-e Mahshahr
0%
Egypt165,906Banha
0%
India103,799Bansberia
0%
Iraq467,900Baqubah
0%
Algeria123,101Baraki
0%
India103,764Baraut
0%
Brazil132,980Barbacena
0%
Algeria104,388Barika
0%
India116,874Baripada
0%
India152,783Barrackpore
0%
Brazil155 519Barreiras
0%
Brazil112,101Barretos
0%
Iraq137,164Bashiqa
0%
India144,891Basirhat
0%
India285,813Bathinda
0%
Malaysia398,014Batu Pahat
0%
Oman402,023Bawshar
0%
China535,000Bayannur
0%
China132,000Bazhou
0%
India342,935Beawar
0%
India289,809Begusarai
0%
China436,444Bei'an
0%
China202,807Beipiao
0%
Morocco136,634Berrechid
0%
India156,200Bettiah
0%
India107,369Bhadrak
0%
India151,102Bhadravati
0%
India101,477Bhadreswar
0%
India151,427Bhalswa Jahangir Pur
0%
Pakistan100,135Bhalwal
0%
Nepal104,444Bhimdatta
0%
India218,323Bidhannagar
0%
India369,972Bihar Sharif
0%
Philippines282,474Binangonan
0%
Indonesia242,672Binjai
0%
China3,779,200Binzhou
0%
Nepal204,816Birgunj
0%
Brazil120.692Birigui
0%
Ethiopia171,115Bishoftu
0%
Indonesia132,018Blitar
0%
Philippines119,675Bocaue
0%
Bangladesh350,397Bogra
0%
Iran328,931Bojnord
0%
India564,319Bokaro Steel City
0%
South Africa260,321Boksburg
0%
Dominican Republic158,034Bonao
0%
Algeria158,812Bordj Bou Arréridj
0%
Algeria151,950Bordj El Kiffan
0%
South Africa181,712Botshabelo
0%
Algeria307,987Bouïra
0%
Algeria111,787Bou Saâda
0%
Brazil160,665Bragança Paulista
0%
India457,665Budaun
0%
India235,310Bulandshahr
0%
Somalia350,211Burao
0%
Pakistan309,343Burewala
0%
India210,891Burhanpur
0%
Nepal118,462Butwal
0%
India102,861Buxar
0%

Score Distribution

Percentile by Number Answered

Percent of People with Each Score

Your Score History

You have not taken this quiz